00482cam a22001337a 4500008004000000082001200040100002600052245008700078260003000165300000900195650002000204650001500224700010900239180718b1983 xxu||||| |||| 00| 0 eng d aI5 In8a aSharma, S.K., et. al. aAdministration: decision-making and morale: a panel reportcby S.K. Sharma et. al. aOxfordbThe Meetingc1983 a41p. aDecision Making aManagement aInternational Society of Political Psychology, Oxford. Sixth Annual Scientific Meeting, July 19-22, 1983